000 00596nam a22001575i 4500
001 160130
003 ES-MaACL
005 20230906211939.0
008 040921s1878 sp |||| | spa d
040 _aCAM
_bspa
_cCAM
100 1 _aMorales Durán, Antonio.
_9130136
245 1 0 _aNo hay deuda que no se pague _
_b: novela de costumbres /
_coriginal de Antonio Moral Durán.
260 _aRonda :
_b[s.n.],
_c1878 (
_fTip. de la Viuda de Gutierrez é Hijo)
300 _a240 p. ;
_c16 cm.
852 _aES-MaACL
_jF-907
_z-- Enc. pasta española
_z-- Dedicatoria ms. del autor al Ateneo de Madrid
999 _c160130
_d160130